100 Largest Cities by Letter - A - Statistics

General Stats
  • This quiz has been taken 146 times
  • The average score is 38 of 100
Answers on the Map
Answers color-coded by a green-red scale on the quiz's map according to % correct below.
 
Answer Stats
Country Population Answer % Correct
Turkey 5,803,482 Ankara
99%
Egypt 6,100,000 Alexandria
97%
Algeria 4,510,000 Algiers
97%
Netherlands 935,521 Amsterdam
97%
Greece 643,452 Athens
96%
Ethiopia 3,945,000 Addis Ababa
95%
United Arab Emirates 1,807,000 Abu Dhabi
94%
Australia 1,418,455 Adelaide
93%
United States 498,715 Atlanta
93%
New Zealand 1,478,800 Auckland
92%
Ghana 1,782,150 Accra
91%
Ivory Coast 6,321,017 Abidjan
90%
Jordan 4,061,150 Amman
90%
Belgium 536,079 Antwerp
90%
United States 961,855 Austin
89%
Paraguay 477,346 Asunción
88%
Madagascar 1,274,225 Antananarivo
87%
Nigeria 1,693,400 Abuja
86%
India 8,650,605 Ahmedabad
86%
Kazakhstan 1,423,726 Astana
86%
Syria 2,098,210 Aleppo
84%
Kazakhstan 2,211,198 Almaty
83%
Turkmenistan 1,030,063 Ashgabat
78%
Eritrea 1,073,000 Asmara
77%
Turkey 1,462,129 Antalya
74%
Yemen 1,079,670 Aden
73%
India 1,585,704 Agra
68%
United States 564,559 Albuquerque
68%
Spain 349,282 Alicante
67%
Mexico 658,609 Acapulco
60%
Denmark 361,544 Aalborg
58%
United States 346,824 Anaheim
57%
Turkey 1,779,463 Adana
50%
Morocco 505,800 Agadir
50%
United States 386,261 Aurora
50%
Peru 1,214,290 Arequipa
49%
Philippines 462,928 Angeles City
47%
United States 394,266 Arlington
47%
China 3,325,372 Anshan
45%
Nigeria 2,534,265 Aba
43%
India 1,159,227 Amritsar
42%
Egypt 379,774 Aswan
42%
Mexico 1,425,607 Aguascalientes
40%
Iran 1,184,788 Ahvaz
32%
Russia 468,842 Astrakhan
32%
Chile 352,636 Antofagasta
29%
India 1,175,116 Aurangabad
28%
Tanzania 617,631 Arusha
25%
China 5,477,614 Anyang
24%
South Korea 595,644 Anyang
24%
South Korea 332,790 Asan
23%
Turkey 399,045 Antakya
21%
Brazil 664,908 Aracaju
21%
United Arab Emirates 846,747 Al Ain
20%
India 874,408 Aligarh
20%
India 1,243,414 Asansol
19%
United Arab Emirates 490,035 Ajman
17%
Turkey 364,180 Alanya
16%
India 542,321 Ajmer
14%
Kazakhstan 560,820 Aktobe
14%
Colombia 304,314 Armenia
14%
Egypt 528,689 Asyut
14%
Indonesia 348,225 Ambon
13%
Brazil 391,772 Anápolis
12%
India 646,801 Amravati
9%
Algeria 464,700 Annaba
8%
Iran 520,994 Arak
8%
Iran 529,374 Ardabil
8%
Nigeria 451,607 Abeokuta
7%
Saudi Arabia 334,290 Abha
7%
Brazil 535,547 Ananindeua
7%
Uzbekistan 547,800 Andijan
7%
India 578,577 Agartala
6%
Yemen 734,699 Al Hudaydah
6%
South Korea 644,583 Ansan
6%
Brazil 590,146 Aparecida de Goiânia
6%
Japan 321,906 Asahikawa
6%
India 537,137 Akola
5%
Nigeria 570,500 Akure
5%
Malaysia 417,800 Alor Setar
5%
India 561,618 Alwar
5%
India 340,613 Anantapur
5%
Nigeria 469,700 Ado Ekiti
4%
India 350,905 Ahmednagar
4%
Philippines 887,399 Antipolo
4%
Ivory Coast 389,592 Anyama
4%
Iraq 527,500 Amarah
3%
India 466,205 Ambattur
3%
Mexico 656,464 Apodaca
3%
India 345,996 Avadi
3%
Sudan 500,000 al-Fashir
2%
Japan 455,555 Amagasaki
2%
Nigeria 430,200 Awka
2%
Libya 416,000 Ajdabiya
1%
Iraq 403,796 Al Diwaniyah
1%
Syria 422,445 Al-Hasakah
1%
Syria 349,000 As-Suwayda
1%
Egypt 482,666 Akhmim
0%
Malaysia 781,089 Ampang Jaya
0%
Egypt 901,191 Ashmoun
0%
No matching quizzes found
Score Distribution
Percent of People with Each Score
Percentile by Number Answered
Your Score History
You have not taken this quiz